It looks like you're offline.
Open Library logo
additional options menu

MARC Record from Scriblio

Record ID marc_records_scriblio_net/part27.dat:97182277:1032
Source Scriblio
Download Link /show-records/marc_records_scriblio_net/part27.dat:97182277:1032?format=raw

LEADER: 01032pam 2200265 a 4500
001 98049969
003 DLC
005 20041228143858.0
008 981028s1999 nyu 000 0 eng
010 $a 98049969
020 $a0684833514 (pbk.)
040 $aDLC$cDLC$dDLC
050 00 $aHQ46$b.W55 1999
082 00 $a306.7/082$221
100 1 $aWilliams, Donna Marie.
245 10 $aSensual celibacy :$bthe sexy woman's guide to using abstinence for recharging your spirit, discovering your passion, achieving greater intimacy in your next relationship /$cDonna Marie Williams.
260 $aNew York :$bSimon & Schuster,$cc1999.
300 $a207 p. ;$c22 cm.
500 $a"A Fireside book."
650 0 $aSexual ethics for women.
650 0 $aWomen$xSexual behavior.
650 0 $aChastity.
650 0 $aMan-woman relationships.
856 42 $3Contributor biographical information$uhttp://www.loc.gov/catdir/bios/simon054/98049969.html
856 42 $3Publisher description$uhttp://www.loc.gov/catdir/description/simon033/98049969.html